<?xml version="1.0" encoding="UTF-8"?>
<marc:record xmlns:marc="http://www.loc.gov/MARC21/slim">
   <marc:leader>00000nam a2200000 a 4500</marc:leader>
   <marc:datafield ind1="1" ind2=" " tag="100">
      <marc:subfield code="a">Prosinger, Wolfgang</marc:subfield>
      <marc:subfield code="4">aut</marc:subfield>
      <marc:subfield code="e">Verfasser/-in</marc:subfield>
   </marc:datafield>
   <marc:datafield ind1=" " ind2=" " tag="653">
      <marc:subfield code="a">Mann</marc:subfield>
   </marc:datafield>
   <marc:datafield ind1=" " ind2=" " tag="653">
      <marc:subfield code="a">Parkinson-Krankheit</marc:subfield>
   </marc:datafield>
   <marc:datafield ind1=" " ind2=" " tag="653">
      <marc:subfield code="a">Sterbehilfe</marc:subfield>
   </marc:datafield>
   <marc:datafield ind1=" " ind2=" " tag="653">
      <marc:subfield code="a">Erlebnisbericht</marc:subfield>
   </marc:datafield>
   <marc:datafield ind1="0" ind2="0" tag="245">
      <marc:subfield code="a">Tanner geht</marc:subfield>
   </marc:datafield>
   <marc:datafield ind1="0" ind2="0" tag="245">
      <marc:subfield code="b">Sterbehilfe - ein Mann plant seinen Tod</marc:subfield>
   </marc:datafield>
   <marc:datafield ind1="0" ind2="0" tag="245">
      <marc:subfield code="c">Wolfgang Prosinger</marc:subfield>
   </marc:datafield>
   <marc:datafield ind1=" " ind2="1" tag="264">
      <marc:subfield code="a">Frankfurt, M.</marc:subfield>
      <marc:subfield code="b">S. Fischer</marc:subfield>
      <marc:subfield code="c">2008</marc:subfield>
   </marc:datafield>
   <marc:datafield ind1="1" ind2=" " tag="520">
      <marc:subfield code="a">Angaben aus der Verlagsmeldung

Tanner geht : Sterbehilfe - Ein Mann plant seinen Tod / von Wolfgang Prosinger

Ulrich Tanner weiß, dass er bald sterben wird. Er ist unheilbar krank. Die Schmerzen werden nur unterdrückt von Medikamenten, die ihm die Sinne rauben. Und er weiß, dass der Tod bei seiner Krankheit qualvoll sein wird. Daher hat er eine Entscheidung getroffen: Er wird in die Schweiz gehen und dort Sterbehilfe in Anspruch nehmen.
Sterbebegleitung und Sterbehilfe sind in Deutschland nach wie vor Tabuthemen. Die Diskussion darüber ist schwierig und emotional extrem aufgeladen. Dabei fürchten wir nichts mehr als schmerzhaftes, fremdbestimmtes Sterben.
Wolfgang Prosinger begleitete Ulrich Tanner in den letzten Wochen und Monaten seines Lebens und führte zahlreiche Gespräche mit seinen Freunden. Erstmals liegt mit diesem Buch der intime, einfühlsame Bericht über einen Tod aus freiem Willen vor.
</marc:subfield>
   </marc:datafield>
   <marc:datafield ind1=" " ind2=" " tag="020">
      <marc:subfield code="a">9783100590305</marc:subfield>
      <marc:subfield code="9">9783100590305</marc:subfield>
   </marc:datafield>
   <marc:datafield ind1=" " ind2=" " tag="041">
      <marc:subfield code="a">ger</marc:subfield>
   </marc:datafield>
   <marc:datafield ind1=" " ind2=" " tag="300">
      <marc:subfield code="a">175 S.</marc:subfield>
   </marc:datafield>
</marc:record>
